Personnages de fiction en images #2 - Statistiques

Statistiques générales
  • Ce quiz a été pris 326 fois
  • Le résultat moyen est 22 sur 40
Statistiques - réponses
Par images Hint Réponse % Correct
Batman Le Joker
99%
Elsa
97%
Peter Pan
95%
Spider-Man
95%
Le Roi Lion Simba
93%
Lucky Luke
89%
Charlie et la Chocolaterie Willy Wonka
89%
Wolverine
82%
Le Seigneur des Anneaux Gandalf
78%
Godzilla
78%
James Bond
78%
Harry Potter Neville Londubat
72%
Stranger Things Onze
70%
Super Mario Daisy
68%
Bob l'éponge Carlo Tentacule
59%
Game of Thrones Daenerys Targaryen
59%
Les Tortues Ninja Raphaël
58%
Friends Phoebe Buffay
51%
L’Âge de glace Diego
50%
Pokémon Tiplouf
50%
Les Aristochats Duchesse
49%
Blanche-Neige et les Sept Nains Joyeux
49%
Star Trek Monsieur Spock
49%
One Piece Sanji Vinsmoke
46%
Hunter X Hunter Kirua Zoldik
44%
Star Wars Jabba le Hutt
42%
The Big Bang Theory Sheldon Cooper
41%
Alf
39%
Alice au pays des merveilles Le Lapin blanc
36%
Pirates des Caraïbes Hector Barbossa
34%
Zootopie Nick Wilde
32%
13 Reasons Why Hannah Baker
31%
Breaking Bad Jesse Pinkman
30%
Metroid Samus Aran
25%
The Office Jim Halpert
20%
Plus belle la vie Roland Marci
16%
Le Voyage de Chihiro Haku
15%
The Umbrella Academy Klaus Hargreeves
15%
Desperate Housewives Paul Young
15%
The Walking Dead Hershel Greene
13%
Aucun quiz correspondant
Distribution des résultats
% des personnes avec chaque résultat
Percentile par nombre de réponses
Votre historique - résultats
Vous n’avez pas pris ce quiz